| 000 | 00385nam a2200169Ia 4500 | ||
|---|---|---|---|
| 008 | 210210b1951 xxu||||| |||| 00| 0 eng d | ||
| 041 | _aeng | ||
| 082 | _a829/215 | ||
| 100 | _aCROMPTON (R) | ||
| 245 | _aWilliam the bad | ||
| 260 |
_aLondon _bGeorge Newnes Limited _c1951 |
||
| 650 | _aWilliam | ||
| 650 | _athe | ||
| 650 | _abad | ||
| 690 | _aEnglish Fiction | ||
| 906 | _a016822 | ||
| 999 |
_c136518 _d136518 |
||